| 000 | 01189nas a2200349 i 4500 | ||
|---|---|---|---|
| 001 | 2616 | ||
| 003 | ES-MaACL | ||
| 005 | 20260201140949.0 | ||
| 007 | t| | ||
| 008 | 950801d1876 sp a| | 1 ||pa d | ||
| 022 | _a2171-6501 | ||
| 080 | _a338.43(460)"18" | ||
| 080 | _a(059)(460) | ||
| 245 | 0 | 0 | _aAlmanaque de la Gaceta agrícola del Ministerio de Fomento. |
| 260 |
_aMadrid : _bMinisterio de Fomento, _c1876- |
||
| 300 |
_av. : _bil. ; _c16 cm. |
||
| 310 | _aAnual | ||
| 362 | 0 | _aAño 1 (1877)- | |
| 530 | _aDisponible en formato digital | ||
| 650 | 4 |
_aAgricultura- _zEspaña- _yS.XIX _99682 |
|
| 655 | 0 |
_9241262 _aAlmanaques |
|
| 710 | 1 |
_aEspaña. _bMinisterio de Fomento. _eedt _93868 |
|
| 852 |
_aES-MaACL _cDEPOF _jT-398-F-9 _pAño 1881 |
||
| 852 | 1 |
_aBA _jT-299-F-5-6 _cDEPOF _pAños 1879-1880 |
|
| 852 |
_aES-MaACL _cDEPOF _jT-287-F-1 _pAño 1877 |
||
| 852 |
_aES-MaACL _cDEPOF _jT-287-F-3 _pAño 1878 |
||
| 852 |
_aES-MaACL _cDEPOF _jT-648-F-2-6 _pAños 1877-1881 |
||
| 856 |
_uhttps://hemerotecadigital.bne.es/hd/issn/2171-6501 _yVersión en línea _z(Hemeroteca Digital) |
||
| 866 | 0 | _o1877-1881. | |
| 942 |
_2udc _cPERIODICA _n0 |
||
| 999 |
_c2616 _d2616 |
||